Total Drama Characters - Statistics

General Stats
  • This quiz has been taken 470 times
  • The average score is 30 of 38
Answer Stats
HintTotal Drama Island Answer % Correct
Total Drama Revenge Of The Island B
97%
Total Drama Island Gwen
92%
Total Drama Island Duncan
91%
Total Drama World Tour Alejandro
90%
Total Drama Island Heather
90%
Total Drama Island Cody
89%
Total Drama Island Courtney
89%
Total Drama World Tour Sierra
89%
Total Drama Island Owen
88%
Total Drama Island Noah
84%
Total Drama Island Eva
83%
Total Drama Revenge Of The Island Mike
83%
Total Drama Revenge Of The Island Zoey
83%
Total Drama Island Geoff
82%
Total Drama Island Lindsay
82%
Total Drama Island Beth
81%
Total Drama Island Ezekiel
81%
Total Drama Island Katie
81%
Total Drama Island Sadie
81%
Total Drama Island Trent
81%
Total Drama Island Bridgette
79%
Total Drama Island Harold
79%
Total Drama Island DJ
78%
Total Drama Island Justin
78%
Total Drama Island LeShawna
78%
Total Drama Island Tyler
78%
Total Drama Island Izzy
77%
Total Drama Revenge Of The Island Cameron
76%
Total Drama Revenge Of The Island Jo
76%
Total Drama Revenge Of The Island Scott
76%
Total Drama Revenge Of The Island Lightning
74%
Total Drama Revenge Of The Island Sam
72%
Total Drama Revenge Of The Island Dakota
69%
Total Drama Revenge Of The Island Dawn
69%
Total Drama Revenge Of The Island Brick
66%
Total Drama Revenge Of The Island Anne Maria
60%
Total Drama Revenge Of The Island Staci
60%
Total Drama World Tour Blaineley
55%
No matching quizzes found
Score Distribution
Percent of People with Each Score
Percentile by Number Answered
Your Score History
You have not taken this quiz